|
|
|
|
| LEADER |
01026nam a2200265 a 4500 |
| 001 |
11884451 |
| 008 |
000107s2001 txua b 001 0 eng |
| 010 |
|
|
|a 00100122
|
| 020 |
|
|
|a 0030319684
|
| 040 |
|
|
|a DLC
|c DLC
|d DLC
|
| 082 |
0 |
0 |
|a 657
|2 21
|
| 100 |
1 |
|
|a Porter, Gary A.,
|d 1950-
|
| 245 |
1 |
0 |
|a Financial accounting :
|b the impact on decision makers /
|c Gary A. Porter, Curtis L. Norton.
|
| 250 |
|
|
|a 3rd ed.
|
| 260 |
|
|
|a Fort Worth :
|b Harcourt College Publishers,
|c c2001.
|
| 300 |
|
|
|a 1 v. (various pagings) :
|b col. ill. ;
|c 29 cm.
|
| 490 |
1 |
|
|a The Harcourt series in accounting
|
| 504 |
|
|
|a Includes bibliographical references and indexes.
|
| 541 |
1 |
|
|e 00014833
|
| 650 |
|
0 |
|a Accounting.
|
| 700 |
1 |
|
|a Norton, Curtis L.
|
| 852 |
4 |
|
|a Ayesha Abed Library
|j General Shelf.
|
| 942 |
0 |
0 |
|0 1
|
| 999 |
|
|
|c 1414
|d 1414
|
| 952 |
|
|
|0 0
|1 0
|2 ddc
|4 0
|6 657_POR_200100000000000
|7 0
|9 1292
|a BRACUL
|b BRACUL
|c GEN
|d 2009-06-25
|g 0.00
|l 8
|m 54
|o 657 POR
|p 3010014833
|r 2022-01-31
|s 2020-02-15
|t 1
|w 2009-06-25
|y BK
|x No price found in the accession register.
|